Gears 5 - Chapters - Statistics

General Stats
  • This quiz has been taken 3 times
  • The average score is 5 of 15
Answer Stats
Hint Answer % Correct
Act 4 Homefront
100%
Act 1 The Tide Turns
100%
Act 2 Dirtier Little Secrets
50%
Act 2 Into the Wild
50%
Act 1 Shot in the Dark
50%
Act 4 The Fall
50%
Act 1 This is War
50%
Act 1 Diplomacy
0%
Act 3 Fighting Chance
0%
Act 2 Forest for the Trees
0%
Act 3 One small step
0%
Act 2 Recruitment Drive
0%
Act 3 Rocket Plan
0%
Act 3 Some Assembly Required
0%
Act 2 The Source of it All
0%
No matching quizzes found
Score Distribution
Percent of People with Each Score
Percentile by Number Answered
Your Score History
You have not taken this quiz